The Great Controversy (Record no. 25244)

MARC details
000 -LEADER
fixed length control field 00802cam a22002651 4500
001 - CONTROL NUMBER
control field 1220349
003 - CONTROL NUMBER IDENTIFIER
control field AUA.1
005 - DATE AND TIME OF LATEST TRANSACTION
control field 20251027121635.0
008 - FIXED-LENGTH DATA ELEMENTS--GENERAL INFORMATION
fixed length control field 251027r19501870cauac b 000 0 eng
010 ## - LIBRARY OF CONGRESS CONTROL NUMBER
LC control number 51021254
020 ## - INTERNATIONAL STANDARD BOOK NUMBER
International Standard Book Number 9781909615441
040 ## - CATALOGING SOURCE
Original cataloging agency DLC
Transcribing agency DLC
Modifying agency DLC
-- JTL
050 00 - LIBRARY OF CONGRESS CALL NUMBER
Classification number BX6146
Item number .G71 2025
082 00 - DEWEY DECIMAL CLASSIFICATION NUMBER
Classification number 286.7
100 1# - MAIN ENTRY--PERSONAL NAME
Personal name White, Ellen G.
Dates associated with a name 1827-1915.
245 14 - TITLE STATEMENT
Title The Great Controversy
Statement of responsibility, etc Ellen G. White
260 ## - PUBLICATION, DISTRIBUTION, ETC. (IMPRINT)
Name of publisher, distributor, etc Lineage Journey
Date of publication, distribution, etc 2025
300 ## - PHYSICAL DESCRIPTION
Extent 766 p.
Other physical details col ill.
Dimensions 25 cm.
500 ## - GENERAL NOTE
General note A product of Lineage Journey including images/illustrations
630 00 - SUBJECT ADDED ENTRY--UNIFORM TITLE
Uniform title Bible
General subdivision Prophecies.
650 #0 - SUBJECT ADDED ENTRY--TOPICAL TERM
Topical term or geographic name as entry element Seventh-Day Adventists
General subdivision Doctrines.
650 #0 - SUBJECT ADDED ENTRY--TOPICAL TERM
Topical term or geographic name as entry element Adventists
General subdivision Doctrines.
650 #0 - SUBJECT ADDED ENTRY--TOPICAL TERM
Topical term or geographic name as entry element Church history.
942 ## - ADDED ENTRY ELEMENTS (KOHA)
Source of classification or shelving scheme Library of Congress Classification
Koha item type Books
Classification part BX 6146
Item part .G71 2025
Holdings
Withdrawn status Lost status Source of classification or shelving scheme Damaged status Not for loan Collection code Home library Current library Shelving location Date acquired Serial Enumeration / chronology Total Checkouts Full call number Date last seen Price effective from Koha item type
    Library of Congress Classification     Books Judith Thomas Library Judith Thomas Library EGW Estate Branch Office 27/10/2025 1324   BX 6146 .G71 2025 27/10/2025 27/10/2025 Books